| 000 | 01404nam0a22003011 4500 | ||
|---|---|---|---|
| 001 | rc\4115925 | ||
| 005 | 20260406101341.0 | ||
| 021 |
_aRU _b[48-22944] |
||
| 035 | _a(NLR Aleph) 008148817 | ||
| 090 |
_a7774661 _c7774661 |
||
| 100 | _a20130415d1948 u y0rusy50 ca | ||
| 101 | 0 | _arus | |
| 102 | _aRU | ||
| 105 | _ac z ||||| | ||
| 200 | 1 |
_aКак выращивает сахарную свеклу Суракан Кайназарова _e[Звеньевая колхоза им. Калинина, Кагановичск. района депутат Верховного Совета Киргиз. ССР] |
|
| 210 |
_aМосква _cСельхозгиз _d1948 _gТип. "Кр. пролетарий" |
||
| 215 |
_a32 с. _cпортр. _d20 |
||
| 225 | 1 | _aПроизводственный опыт Героев социалистического труда | |
| 300 | _aПеред загл. авт.: И. Новиков | ||
| 606 |
_aСахарная свекла _xВозделывание _xОпыт передовиков _yКиргизская ССР _2psbo |
||
| 700 | 1 |
_7ca _8rus _aНовиков _bИ. М. _cпублицист _gИван Михайлович _92697199 _3RU\NLR\AUTH\770289981 |
|
| 702 | 1 |
_aКайназарова _bС. _gСуракан _4570 |
|
| 801 | 0 |
_aRU _bNLR _gpsbo |
|
| 801 | 1 |
_aRU _bELAR _2rusmarc |
|
| 852 |
_aNLR _jС50 Г-4/1085 |
||
| 942 | _cUNSPEC | ||
| 980 | _aNB | ||